000
00334nam a2200145Ia 4500
005
20251222141954.0
008
251222s9999||||xx |||||||||||||| ||spa||
020
_a
8484039951
082
_a
292.13/P14
100
_a
Padilla, M.R.
245
0
_a
Dioses Mitológicos
250
_a
1ra.ed
264
_b
Edimat Libros, S.A.
942
_c
LIB
999
_c
9774
_d
9774